Notebooks, 1914-1916 /

Bibliographic Details
Main Author: Wittgenstein, Ludwig, 1889-1951
Other Authors: Wright, G. H. von (Georg Henrik), 1916-2003, Anscombe, G. E. M. (Gertrude Elizabeth Margaret)
Format: Book
Language:English
German
Published: Chicago : University of Chicago Press, 1979.
Edition:2d ed.
Subjects:

MARC

Tag First Indicator Second Indicator Subfields
LEADER 00000pam a2200000 i 4500
001 in00000042516
005 20151007074725.0
008 790523s1979 iluaf 00110 eng
010 |a  79015686  
020 |a 0226904296 
035 |a (OCoLC)05101457 
035 |9 AAF1992AM 
040 |a DLC  |c DLC  |d TXA  |d UtOrBLW 
041 1 |a eng  |a ger 
049 |a TXAM  |c 1 [1383090], 2 [273663] 
050 0 0 |a B3376 W563  |b  N6 1979 
082 0 |a 193 
100 1 |a Wittgenstein, Ludwig,  |d 1889-1951. 
245 1 0 |a Notebooks, 1914-1916 /  |c Ludwig Wittgenstein ; edited by G. H. von Wright and G. E. M. Anscombe ; with an English translation by G. E. M. Anscombe ; index prepared by E. D. Klemke. 
250 |a 2d ed. 
264 1 |a Chicago :  |b University of Chicago Press,  |c 1979. 
300 |a 140, that is, 229 pages, 2 unnumbered leaves of plates :  |b illustrations ;  |c 23 cm. 
336 |a text  |b txt  |2 rdacontent 
337 |a unmediated  |b n  |2 rdamedia 
338 |a volume  |b nc  |2 rdacarrier 
500 |a English and German. 
500 |a Includes index. 
650 0 |a Logic, Symbolic and mathematical. 
650 0 |a Language and languages  |x Philosophy. 
700 1 |a Wright, G. H. von  |q (Georg Henrik),  |d 1916-2003. 
700 1 |a Anscombe, G. E. M.  |q (Gertrude Elizabeth Margaret) 
999 |a MARS 
999 f f |s 010a5adf-c293-3639-81cb-6b45f1c5e3ab  |i bff696be-7371-3b24-bb09-de3e3f793af3  |t 0 
952 f f |p ric  |a Texas A&M University  |b Rellis Campus  |c Joint Library Facility  |d Remote Storage  |t 0  |e B3376.W563 N6 1979  |h Library of Congress classification  |i unmediated -- volume  |m A14808025247 
998 f f |a B3376.W563 N6 1979  |t 0  |l Remote Storage